|
|
|
|
| LEADER |
01204ppm a22003018a 4500 |
| 001 |
00036432 |
| 005 |
20171026081025.0 |
| 008 |
170302s2014 ||||||Viesd |
| 041 |
0 |
# |
|a Vie
|
| 082 |
1 |
4 |
|a 895.922 300 9
|b Đ113TR
|
| 100 |
1 |
# |
|a Đặng, Thị Diễm Tiên
|
| 245 |
0 |
0 |
|a Đặc trưng nghệ thuật truyện ngắn Phạm Hổ (Qua tập truyện cười vợ lẻ)
|b Luận văn thạc Ngữ Văn. Chuyên ngành: Văn học Việt Nam. Mã số: 60 22 01 21
|c Đặng Thị Diễm Tiên; Đinh Trí Dũng (hướng dẫn)
|
| 260 |
# |
# |
|a Vinh
|b Đại học Vinh
|c 2014
|
| 300 |
# |
# |
|a 115tr.
|c 30cm.
|
| 500 |
# |
# |
|a ĐTTTS ghi: Bộ giáo dục và đào tạo. Đại học Vinh
|
| 653 |
# |
# |
|a Luận văn
|
| 653 |
# |
# |
|a Nghiên cứu văn học
|
| 653 |
# |
# |
|a Đặc Điểm
|
| 653 |
# |
# |
|a Văn học Việt Nam
|
| 653 |
# |
# |
|a Nghệ Thuật
|
| 700 |
1 |
# |
|e Hướng dẫn
|a Đinh Trí Dũng
|
| 852 |
# |
# |
|j LV.0001061
|
| 852 |
# |
# |
|b Kho đọc SĐH
|j LV.0001061
|
| 910 |
|
|
|d 02/03/2017
|
| 980 |
# |
# |
|a Trung tâm Học liệu Lê Vũ Hùng, Trường Đại học Đồng Tháp
|